| 000 | 00516nam a22001697a 4500 | ||
|---|---|---|---|
| 999 |
_c62241 _d62241 |
||
| 005 | 20240829144208.0 | ||
| 008 | 240829c2010 enk||||| |||| 00| 0 eng d | ||
| 022 | _a 0149 9246 | ||
| 041 | _aeng | ||
| 245 |
_aHastings International and Comparative Law Review : _b2010 / _cRed. A. Kancharla. |
||
| 260 |
_aCalifornia, _c2010. |
||
| 300 | _aV. | ||
| 653 | _aსამართალი | ||
| 653 | _aპერიოდიკა | ||
| 700 |
_aKancharla, A. _eრედაქტორი _923142 |
||
| 942 |
_2udc _cCR |
||